[Event "BL 8788 HSV-Lasker"]
[Site "?"]
[Date "1988.??.??"]
[Round "?.1"]
[White "Muse, M."]
[Black "Chandler, M."]
[Result "0-1"]
[WhiteElo "2415"]
[BlackElo "2575"]
[PlyCount "91"]
[EventDate "1988.??.??"]

1. d4 Nf6 2. c4 e6 3. Nc3 Bb4 4. f3 d5 5. a3 Bxc3+ 6. bxc3 c5 7. cxd5 Nxd5 8.
dxc5 Qa5 9. e4 Nf6 10. Be3 O-O 11. Qb3 Nc6 12. Bb5 e5 13. Ne2 Qc7 14. O-O Be6
15. Qa4 Na5 16. Rab1 a6 17. Bd3 Nd7 18. Qb4 Rfc8 19. c6 Nxc6 20. Qxb7 Qd6 21.
Rfd1 Rcb8 22. Bc2 Nd4 23. Qxa8 Rxa8 24. cxd4 Qxa3 25. Rd3 Qa2 26. Rc3 Bc4 27.
Ng3 g6 28. dxe5 Nxe5 29. Bd4 Re8 30. Rc1 Bb5 31. Bb3 Qd2 32. Be3 Qd6 33. Bd5 h5
34. Nh1 Nd3 35. Rb1 Nf4 36. Bxf4 Qxf4 37. Nf2 Kg7 38. Rbc1 Re7 39. g3 Qe5 40.
Kg2 Kh6 41. Rc8 Qd4 42. h4 Be2 43. R8c3 a5 44. R1c2 a4 45. Ra3 Bb5 46. Rc1 0-1

[Event "BL 8788 HSV-Lasker"]
[Site "?"]
[Date "1988.??.??"]
[Round "?.2"]
[White "Schussler, H."]
[Black "Berg, K."]
[Result "1-0"]
[WhiteElo "2490"]
[BlackElo "2350"]
[PlyCount "79"]
[EventDate "1988.??.??"]

1. Nf3 Nf6 2. c4 c5 3. Nc3 d5 4. cxd5 Nxd5 5. d4 cxd4 6. Qxd4 Nxc3 7. Qxc3 Nc6
8. e3 Qa5 9. Qxa5 Nxa5 10. Bb5+ Bd7 11. Bxd7+ Kxd7 12. Ne5+ Ke8 13. Bd2 Nc6 14.
Nxc6 bxc6 15. Rc1 Rc8 16. Ke2 e5 17. Rc4 Bd6 18. Rg4 g6 19. Ra4 Rc7 20. Ra6 Kd7
21. Rd1 Rb8 22. b3 Rb6 23. Ra4 Rb5 24. e4 Ke6 25. Rc1 Rc5 26. Rac4 Rxc4 27.
Rxc4 Kd7 28. Be3 Kc8 29. Ra4 Kb8 30. Ra6 f5 31. f3 f4 32. Bf2 g5 33. h3 Bb4 34.
a3 Be7 35. Ra5 Rb7 36. b4 Bd6 37. Ra6 Bc7 38. Rxc6 a5 39. Bc5 axb4 40. axb4 1-0

[Event "BL 8788 HSV-Lasker"]
[Site "?"]
[Date "1988.??.??"]
[Round "?.3"]
[White "Heyken, E."]
[Black "Wahls, M."]
[Result "1/2-1/2"]
[WhiteElo "2305"]
[BlackElo "2435"]
[PlyCount "51"]
[EventDate "1988.??.??"]

1. d4 Nf6 2. Nf3 g6 3. c4 Bg7 4. Nc3 O-O 5. e4 d6 6. Be2 c5 7. d5 e6 8. O-O
exd5 9. exd5 Na6 10. Bf4 Nc7 11. Qd2 Rb8 12. h3 a6 13. a4 b6 14. Bg5 Qd7 15.
Qf4 Nh5 16. Qd2 Kh8 17. Nh2 Nf6 18. Bh6 Bb7 19. Bxg7+ Kxg7 20. f4 b5 21. cxb5
Ncxd5 22. bxa6 Ba8 23. Ng4 h5 24. Nxd5 Nxd5 25. Ne3 Nf6 26. Bb5 1/2-1/2

[Event "BL 8788 HSV-Lasker"]
[Site "?"]
[Date "1988.??.??"]
[Round "?.4"]
[White "Stein, B."]
[Black "Paulsen, D."]
[Result "1-0"]
[WhiteElo "2360"]
[BlackElo "2340"]
[PlyCount "83"]
[EventDate "1988.??.??"]

1. e4 d6 2. d4 Nf6 3. Nc3 g6 4. f4 Bg7 5. Nf3 O-O 6. Be2 c5 7. dxc5 Qa5 8. O-O
Qxc5+ 9. Kh1 Nc6 10. Qe1 d5 11. e5 Ne4 12. Bd3 Nxc3 13. bxc3 Bg4 14. Rb1 Qa5
15. Rxb7 Bxf3 16. Rxf3 Rab8 17. Rb3 Nd4 18. Rxb8 Rxb8 19. Rf1 Nc6 20. a3 Qa4
21. Qe2 e6 22. g4 Rb1 23. c4 dxc4 24. Bxc4 Nd4 25. Qd3 Qc6+ 26. Kg1 Bf8 27. Kf2
h5 28. c3 Nb5 29. gxh5 Nxa3 30. Bxa3 Rxf1+ 31. Qxf1 Bxa3 32. hxg6 fxg6 33. Qd3
Kf7 34. Kg3 Bc5 35. h4 Be7 36. f5 Qc5 37. Bxe6+ Kf8 38. Qd4 gxf5 39. Bxf5 a5
40. h5 a4 41. h6 a3 42. h7 1-0

[Event "BL 8788 HSV-Lasker"]
[Site "?"]
[Date "1988.??.??"]
[Round "?.5"]
[White "Schacht, H."]
[Black "Wegner, H."]
[Result "1/2-1/2"]
[WhiteElo "2310"]
[BlackElo "2370"]
[PlyCount "121"]
[EventDate "1988.??.??"]

1. d4 Nf6 2. c4 c5 3. d5 b5 4. cxb5 a6 5. bxa6 g6 6. Nc3 Bxa6 7. Nf3 d6 8. e4
Bxf1 9. Kxf1 Nbd7 10. h3 Bg7 11. Kg1 O-O 12. Kh2 Qa5 13. Re1 Rfb8 14. Re2 Rb4
15. Bg5 h6 16. Bxf6 Bxf6 17. Rc1 Qb6 18. Rcc2 c4 19. a3 Rb3 20. Nd2 Bxc3 21.
bxc3 Rb5 22. Nxc4 Qc5 23. Qd4 Ra4 24. Qxc5 Rxc5 25. Nb2 Rxa3 26. Nd1 Ra1 27.
Red2 Kg7 28. Ra2 Ra5 29. Rxa5 Rxa5 30. f3 Ra1 31. Kg3 Rc1 32. Kf2 Nb6 33. Rd4
Rc2+ 34. Kg3 Rc1 35. f4 Nd7 36. Kf3 f5 37. exf5 gxf5 38. g4 fxg4+ 39. hxg4 Nc5
40. Ke2 Rc2+ 41. Rd2 Rc1 42. Ra2 Ne4 43. Ra7 Kf7 44. Rc7 Kf6 45. c4 Nc3+ 46.
Nxc3 Rxc3 47. Rc6 Kf7 48. Kf2 Kg7 49. Rc7 Kf6 50. Kg2 Kf7 51. Kf2 Kf6 52. c5
Rxc5 53. Rxc5 dxc5 54. Ke3 Kg6 55. f5+ Kg5 56. Ke4 Kf6 57. Kf4 c4 58. Ke4 c3
59. Kd3 Ke5 60. Kxc3 Kxd5 61. Kd3 1/2-1/2

[Event "BL 8788 HSV-Lasker"]
[Site "?"]
[Date "1988.??.??"]
[Round "?.6"]
[White "Junge, R."]
[Black "Reefschlaeger, H."]
[Result "0-1"]
[WhiteElo "2315"]
[BlackElo "2340"]
[PlyCount "90"]
[EventDate "1988.??.??"]

1. e4 e6 2. d4 d5 3. e5 c5 4. Nf3 Nc6 5. Bd3 cxd4 6. O-O Qc7 7. Bf4 Nb4 8. Nxd4
Nxd3 9. Qxd3 Bd7 10. Nc3 a6 11. Rfe1 Ne7 12. Bg3 Rc8 13. a3 Qb6 14. Rab1 Rc4
15. Red1 Nc6 16. Nde2 h5 17. b3 Rg4 18. h3 Rg5 19. Kh1 h4 20. Bf4 Rf5 21. Be3
Qc7 22. f4 Bxa3 23. Nd4 Nxd4 24. Qxd4 Be7 25. Rd2 Bc6 26. Ne2 Rfh5 27. Ng1 O-O
28. Nf3 Bb5 29. Rbd1 Rc8 30. Rf2 a5 31. Qb6 Qxb6 32. Bxb6 a4 33. Nd4 Bd7 34.
bxa4 Bxa4 35. Rb1 g6 36. Ba7 Rc7 37. Nb3 Bxb3 38. Rxb3 Rf5 39. Bb6 Rc4 40. Be3
Bc5 41. Bxc5 Rxc5 42. Rxb7 Rc4 43. c3 Rxc3 44. Ra2 Rxf4 45. Ra8+ Kg7 0-1

[Event "BL 8788 HSV-Lasker"]
[Site "?"]
[Date "1988.??.??"]
[Round "?.7"]
[White "Breutigam, M."]
[Black "Maus, So"]
[Result "1-0"]
[WhiteElo "2320"]
[BlackElo "2375"]
[PlyCount "142"]
[EventDate "1988.??.??"]

1. d4 Nf6 2. c4 c5 3. d5 e6 4. Nc3 exd5 5. cxd5 d6 6. Nf3 g6 7. Bf4 a6 8. Ne4
Bf5 9. Nxf6+ Qxf6 10. e4 Bg4 11. Bd2 Qe7 12. Bc3 f6 13. Qa4+ Bd7 14. Qc2 Bg7
15. h4 O-O 16. h5 b5 17. hxg6 hxg6 18. Nh4 Qf7 19. e5 fxe5 20. Nxg6 Re8 21. Nh4
b4 22. Bd2 e4 23. Be2 Bb5 24. Bxb5 axb5 25. Qb3 e3 26. Bxe3 Qf6 27. Rb1 Na6 28.
Nf3 c4 29. Qc2 Nc5 30. Qh7+ Kf7 31. Qh5+ Qg6 32. Ng5+ Kf6 33. Qf3+ Qf5 34. Nh7+
Kg6 35. Qg3+ Kf7 36. Ng5+ Kg8 37. O-O Qxd5 38. Qh3 Ne4 39. Qh7+ Kf8 40. Nf3 Nf6
41. Qg6 Qh5 42. Qg3 Ne4 43. Qf4+ Qf7 44. Qh4 Rxa2 45. Bd4 d5 46. Bxg7+ Qxg7 47.
Qh5 Nf6 48. Qf5 Kg8 49. Nd4 Ra6 50. Rfe1 Ne4 51. Qxd5+ Qf7 52. Qxf7+ Kxf7 53.
Nxb5 Nd2 54. Rxe8 Nxb1 55. Re1 Nd2 56. Rd1 Ne4 57. Rd4 Ra1+ 58. Kh2 c3 59. bxc3
bxc3 60. Rc4 Kg6 61. f3 Nd2 62. Rxc3 Nf1+ 63. Kh3 Ra5 64. Rc6+ Kg5 65. Nc3 Ra8
66. Rc5+ Kf4 67. Nd5+ Ke5 68. Nb6+ Kd6 69. Nxa8 Kxc5 70. Nc7 Kd6 71. Nb5+ Ke5
1-0

[Event "BL 8788 HSV-Lasker"]
[Site "?"]
[Date "1988.??.??"]
[Round "?.8"]
[White "Behrhorst, F."]
[Black "Simon, R."]
[Result "0-1"]
[WhiteElo "2355"]
[BlackElo "2280"]
[PlyCount "66"]
[EventDate "1988.??.??"]

1. d4 d5 2. Nf3 e6 3. c4 Nf6 4. Bg5 h6 5. Bh4 Bb4+ 6. Nc3 dxc4 7. Qa4+ Nc6 8.
Bxf6 gxf6 9. O-O-O Bxc3 10. bxc3 Qd5 11. Qc2 Na5 12. e4 Qb5 13. e5 f5 14. d5
Bd7 15. dxe6 fxe6 16. Rd4 Bc6 17. Nd2 Bd5 18. Be2 O-O-O 19. Rf4 Bxg2 20. Re1
Qxe5 21. Rh4 Qc5 22. Rf4 e5 23. Rxf5 Qa3+ 24. Kb1 Rxd2 25. Bg4 Rdd8 26. Rexe5
Kb8 27. Rxa5 Qd6 28. Rae5 Rhe8 29. f4 Bf1 30. Be2 Bxe2 31. Qxe2 Qg6 32. Kb2
Qxf5 33. Rxe8 Qb5+ 0-1

[Event "BL 8788 Bochum-Koblenz"]
[Site "?"]
[Date "1988.??.??"]
[Round "?.1"]
[White "Gutman, L."]
[Black "Keitlinghaus, L."]
[Result "1-0"]
[WhiteElo "2475"]
[BlackElo "2400"]
[PlyCount "115"]
[EventDate "1988.??.??"]

1. Nf3 e6 2. g3 d5 3. Bg2 g6 4. O-O Bg7 5. d3 Nf6 6. b3 b6 7. Ba3 Bb7 8. d4 Na6
9. c4 c5 10. cxd5 exd5 11. Nc3 O-O 12. Rc1 Ne4 13. e3 Re8 14. Bb2 Rc8 15. a3
Qd7 16. Ne2 Qe7 17. Ne5 b5 18. Nf4 Red8 19. Qe2 f6 20. Nf3 c4 21. b4 Nc7 22.
Nd2 f5 23. Nb1 Ne6 24. Nxe6 Qxe6 25. f3 Nd6 26. Nc3 Re8 27. Rfe1 Re7 28. Rcd1
Rce8 29. Qc2 Qf7 30. Bc1 a6 31. Qf2 Bf6 32. Re2 g5 33. g4 fxg4 34. fxg4 Rf8 35.
Rf1 Qe6 36. Qg3 Rff7 37. Ref2 Kg7 38. Bd2 h6 39. Bf3 Re8 40. Qg2 Ne4 41. Bxe4
dxe4 42. Ne2 Ref8 43. Ng3 Kg8 44. Rf5 Bg7 45. Bc3 Bd5 46. Qh3 Rxf5 47. gxf5 Qb6
48. Qg4 Qb7 49. Ra1 Bc6 50. a4 Qd7 51. axb5 axb5 52. Ra6 Bb7 53. Rg6 Rf7 54. h4
gxh4 55. Nh5 Qxf5 56. Rxg7+ Kh8 57. Rg8+ Kh7 58. Nf4 1-0

[Event "BL 8788 Bochum-Koblenz"]
[Site "?"]
[Date "1988.??.??"]
[Round "?.2"]
[White "Thesing, M."]
[Black "Andruet, G."]
[Result "1/2-1/2"]
[WhiteElo "2355"]
[BlackElo "2390"]
[PlyCount "43"]
[EventDate "1988.??.??"]

1. e4 c6 2. c4 d5 3. exd5 cxd5 4. cxd5 Nf6 5. Nc3 Nxd5 6. Nf3 e6 7. d4 Bb4 8.
Bd2 Nc6 9. Bd3 Be7 10. a3 Bf6 11. Qe2 Bxd4 12. Nxd5 Qxd5 13. Be4 Qd6 14. Bxc6+
bxc6 15. Nxd4 Qxd4 16. Bc3 Qd5 17. O-O O-O 18. Rfd1 Qb5 19. Qf3 a5 20. Rd6 a4
21. Rad1 e5 22. Qxc6 1/2-1/2

[Event "BL 8788 Bochum-Koblenz"]
[Site "?"]
[Date "1988.??.??"]
[Round "?.3"]
[White "Wolf, V."]
[Black "Graf, J."]
[Result "1/2-1/2"]
[WhiteElo "2315"]
[BlackElo "2405"]
[PlyCount "121"]
[EventDate "1988.??.??"]

1. e4 c6 2. Nc3 d5 3. Nf3 Bg4 4. h3 Bxf3 5. Qxf3 e6 6. d3 Bb4 7. Bd2 d4 8. Nb1
Bxd2+ 9. Nxd2 Ne7 10. g3 O-O 11. Bg2 e5 12. O-O Nd7 13. Qe2 Qc7 14. c3 c5 15.
cxd4 cxd4 16. Rfc1 Nc6 17. h4 b5 18. Bh3 Qd6 19. Nb3 a5 20. Bxd7 Qxd7 21. Rc5
a4 22. Nd2 Rab8 23. a3 Rfc8 24. Rac1 Ne7 25. b4 axb3 26. Nxb3 Qe6 27. Qb2 Qd6
28. Qd2 h6 29. Qa5 Kh7 30. Rc7 f6 31. Rxc8 Rxc8 32. Rxc8 Nxc8 33. Qxb5 Qxa3 34.
Nc5 h5 35. Kg2 Nd6 36. Qc6 Nf7 37. Qc7 Kg6 38. Qe7 Qb4 39. Qf8 Qa3 40. Qc8 Nd6
41. Qc7 Nf7 42. g4 hxg4 43. h5+ Kh7 44. Ne6 Kg8 45. Qc8+ Kh7 46. Nf8+ Kg8 47.
Ng6+ Kh7 48. Qe8 Qxd3 49. Qxf7 Qxe4+ 50. Kh2 Qf5 51. Ne7 Qxf2+ 52. Kh1 Qf3+ 53.
Kg1 Qg3+ 54. Kh1 Qf3+ 55. Kg1 Qg3+ 56. Kf1 Qd3+ 57. Kg1 Qe3+ 58. Kf1 Qf4+ 59.
Kg1 Qc1+ 60. Kf2 Qc2+ 61. Kg3 1/2-1/2

[Event "BL 8788 Bochum-Koblenz"]
[Site "?"]
[Date "1988.??.??"]
[Round "?.4"]
[White "Sonntag, H."]
[Black "Doncevic, D."]
[Result "1/2-1/2"]
[WhiteElo "2405"]
[BlackElo "2400"]
[PlyCount "80"]
[EventDate "1988.??.??"]

1. e4 c5 2. Nf3 Nc6 3. d4 cxd4 4. Nxd4 Nf6 5. Nc3 d6 6. Be2 e6 7. g4 d5 8. exd5
Nxd5 9. Nxd5 Qxd5 10. Bf3 Qe5+ 11. Be3 Bd7 12. Nxc6 Bxc6 13. Bxc6+ bxc6 14. Qd4
Qxd4 15. Bxd4 O-O-O 16. Bxa7 c5 17. Bb6 Rd4 18. Rd1 Re4+ 19. Kf1 Be7 20. b3 Rb4
21. Ba5 Rxg4 22. h3 Re4 23. Rg1 g6 24. Rg3 Rd4 25. Rgd3 Rxd3 26. Rxd3 Re8 27.
a4 f5 28. Ke2 g5 29. Rd1 h5 30. f3 Rg8 31. Bb6 g4 32. hxg4 hxg4 33. fxg4 Rxg4
34. Rh1 Kb7 35. Rh7 Kxb6 36. Rxe7 Re4+ 37. Kd3 Rd4+ 38. Kc3 Re4 39. Kd3 Rd4+
40. Ke3 Re4+ 1/2-1/2

[Event "BL 8788 Bochum-Koblenz"]
[Site "?"]
[Date "1988.??.??"]
[Round "?.5"]
[White "Bayer, E."]
[Black "Beckemeyer, W."]
[Result "1/2-1/2"]
[WhiteElo "2360"]
[BlackElo "2335"]
[PlyCount "179"]
[EventDate "1988.??.??"]

1. d4 Nf6 2. c4 g6 3. g3 Bg7 4. Bg2 c6 5. Nf3 d5 6. Nbd2 O-O 7. O-O Bf5 8. b3
Ne4 9. Bb2 Qa5 10. a3 Nd7 11. b4 Qd8 12. Rc1 a5 13. b5 cxb5 14. cxd5 Nb6 15. h3
Nxd5 16. Nh4 Nxd2 17. Qxd2 Be6 18. Rc5 b4 19. Nf3 b6 20. Rcc1 bxa3 21. Bxa3 b5
22. e4 Nb6 23. d5 Bd7 24. Bc5 Nc4 25. Qe2 Rc8 26. Bd4 Bxd4 27. Nxd4 Qb6 28.
Rfd1 e5 29. dxe6 Bxe6 30. Bf1 Rfd8 31. Nxe6 Qxe6 32. Qa2 Rxd1 33. Rxd1 a4 34.
Qb1 Na3 35. Qd3 b4 36. Qd4 Nc2 37. Qa7 a3 38. Ba6 Rf8 39. Bb7 Qe7 40. Qa6 b3
41. Bd5 a2 42. Bxb3 a1=Q 43. Rxa1 Nxa1 44. Qxa1 Qxe4 45. Qd1 Re8 46. Qd7 Re7
47. Qd8+ Kg7 48. Bd5 Qe5 49. Kg2 g5 50. Bf3 h6 51. Qd2 Rc7 52. Bh5 Rb7 53. Qa2
Qf6 54. Qa8 Rb2 55. Qa7 Rb3 56. Qc5 Rc3 57. Qa7 Qc6+ 58. Kh2 Qc4 59. Qa1 Qd4
60. Qa2 Rc7 61. Kg2 Ra7 62. Qb3 f5 63. Qb8 Re7 64. Qc8 Qe4+ 65. Bf3 Qe6 66. Qa8
Rd7 67. Bc6 Rd6 68. Qb7+ Kg6 69. Bf3 h5 70. Qa8 g4 71. hxg4 hxg4 72. Bb7 Kg7
73. Qa1+ Qf6 74. Qa8 Qe5 75. Qa7 Rd2 76. Bd5+ Kh6 77. Qb6+ Kg5 78. Qd8+ Qf6 79.
Qg8+ Kh6 80. Qa8 Qd6 81. Qh8+ Kg6 82. Qg8+ Kf6 83. Qh8+ Ke7 84. Qg7+ Ke8 85.
Qh8+ Kd7 86. Qh7+ Kd8 87. Qh8+ Kd7 88. Qh7+ Kd8 89. Qh8+ Kd7 90. Qh7+ 1/2-1/2

[Event "BL 8788 Bochum-Koblenz"]
[Site "?"]
[Date "1988.??.??"]
[Round "?.6"]
[White "Backwinkel, P."]
[Black "Seul, G."]
[Result "1-0"]
[WhiteElo "2310"]
[BlackElo "2275"]
[PlyCount "99"]
[EventDate "1988.??.??"]

1. d4 Nf6 2. c3 d6 3. Bf4 Nbd7 4. Nf3 g6 5. h3 Bg7 6. e3 O-O 7. Be2 Qe8 8. O-O
e5 9. Bh2 Qe7 10. a4 Kh8 11. Na3 a6 12. a5 Ng8 13. Qb3 Nh6 14. Nc2 e4 15. Nd2
f5 16. Nb4 Nf6 17. c4 c6 18. Na2 Nf7 19. Nc3 Be6 20. Qa3 g5 21. b4 Bh6 22. Qb2
d5 23. cxd5 cxd5 24. Nb3 f4 25. Qd2 Rg8 26. Bg4 Bxg4 27. hxg4 Nxg4 28. Nc5 Rad8
29. b5 fxe3 30. fxe3 Nxh2 31. Kxh2 g4 32. Rh1 axb5 33. Kg1 Qg5 34. Re1 Qe7 35.
Rb1 Rg6 36. Rxb5 Qg5 37. Nd1 Nd6 38. Rb3 Nc4 39. Qe1 Rf8 40. Nd7 Rf7 41. Rxb7
Nxe3 42. Rb8+ Kg7 43. Ne5 Rf1+ 44. Qxf1 Nxf1 45. Rb7+ Kg8 46. Nxg6 Qxg6 47. Rb6
Qg5 48. Rhxh6 Qd2 49. Rhc6 Qxd1 50. Rc8+ 1-0

[Event "BL 8788 Bochum-Koblenz"]
[Site "?"]
[Date "1988.??.??"]
[Round "?.7"]
[White "Weidemann, J."]
[Black "Boesken, C."]
[Result "1-0"]
[WhiteElo "2290"]
[BlackElo "2250"]
[PlyCount "107"]
[EventDate "1988.??.??"]

1. e4 c6 2. d4 d5 3. Nd2 dxe4 4. Nxe4 Nd7 5. Bd3 Ngf6 6. Ng5 e6 7. Qe2 Bd6 8.
N1f3 h6 9. Ne4 Nxe4 10. Qxe4 Nf6 11. Qe2 O-O 12. O-O c5 13. dxc5 Bxc5 14. Bf4
Bd6 15. Be5 Bxe5 16. Qxe5 Bd7 17. Rfd1 Rc8 18. Rac1 Qc7 19. c4 b6 20. Qe2 Qc5
21. Ne5 Rfd8 22. Rc2 Ba4 23. b3 Be8 24. Rcd2 g6 25. Nf3 Kg7 26. Qe5 Qxe5 27.
Nxe5 Kf8 28. f4 Ke7 29. g3 a5 30. a3 Nd7 31. Nf3 Nc5 32. Bc2 Rxd2 33. Rxd2 Rd8
34. Rxd8 Kxd8 35. Kf2 Ke7 36. Ke3 f6 37. Kd4 Kd6 38. b4 axb4 39. axb4 Na6 40.
Kc3 g5 41. Bd3 Nb8 42. Nd2 gxf4 43. gxf4 Bc6 44. Kd4 Nd7 45. Be4 e5+ 46. Ke3
exf4+ 47. Kxf4 Bxe4 48. Kxe4 Ke6 49. Nf3 Ne5 50. Nxe5 fxe5 51. h3 h5 52. h4 Kf6
53. Kd5 Kf5 54. c5 1-0

[Event "BL 8788 Solingen-Heidelberg"]
[Site "?"]
[Date "1988.??.??"]
[Round "?.1"]
[White "Ostl, A."]
[Black "Huebner, R."]
[Result "1/2-1/2"]
[WhiteElo "2385"]
[BlackElo "2610"]
[PlyCount "108"]
[EventDate "1988.??.??"]

1. c4 e5 2. Nf3 Nc6 3. Nc3 Nf6 4. d3 d5 5. cxd5 Nxd5 6. e3 Be7 7. Be2 O-O 8.
O-O Be6 9. Bd2 Ndb4 10. Qb1 a5 11. Rd1 Qc8 12. a3 Na6 13. d4 Bb3 14. d5 Bxd1
15. Qxd1 Ncb8 16. Nxe5 Nd7 17. Nc4 Nac5 18. e4 Bf6 19. Qc2 Re8 20. Bf3 a4 21.
Rd1 Ne5 22. Nxe5 Bxe5 23. Be3 Ra5 24. Be2 Qd7 25. Bc4 b6 26. f3 f5 27. d6+ Kh8
28. dxc7 Qxc7 29. Nd5 Bxh2+ 30. Kh1 Qd6 31. g4 fxg4 32. Qxh2 Qxh2+ 33. Kxh2
gxf3 34. Bxc5 Rxc5 35. Bd3 Rf8 36. Kg3 Rc6 37. Kf2 Rh6 38. Ke3 g5 39. e5 g4 40.
Nf6 Rhxf6 41. exf6 Rxf6 42. Rh1 f2 43. Rxh7+ Kg8 44. Rh4 Rf3+ 45. Ke4 Rxd3 46.
Rxg4+ Kh7 47. Rf4 Rd2 48. Ke3 Rxb2 49. Rxf2 Rb3+ 50. Kd4 Rxa3 51. Rb2 Ra1 52.
Rxb6 a3 53. Ra6 a2 54. Kc3 Rc1+ 1/2-1/2

[Event "BL 8788 Solingen-Heidelberg"]
[Site "?"]
[Date "1988.??.??"]
[Round "?.3"]
[White "Neunhoeffer, H."]
[Black "Lau, R."]
[Result "1/2-1/2"]
[WhiteElo "2260"]
[BlackElo "2555"]
[PlyCount "104"]
[EventDate "1988.??.??"]

1. d4 Nf6 2. Nf3 g6 3. Bg5 Bg7 4. Nbd2 d5 5. e3 Nbd7 6. Bd3 c5 7. c3 O-O 8. O-O
Re8 9. Re1 e5 10. e4 cxd4 11. cxd4 dxe4 12. Nxe4 exd4 13. Qb3 Rf8 14. Bc4 Qb6
15. Nxf6+ Bxf6 16. Qxb6 Nxb6 17. Bxf6 Nxc4 18. Bxd4 Bf5 19. Re7 b6 20. Rc1 Rfc8
21. h3 Kf8 22. Bf6 Rc6 23. Bg5 Na5 24. Rce1 Re6 25. Rc7 Rxe1+ 26. Nxe1 Be6 27.
b3 Kg7 28. Nd3 h6 29. Be3 g5 30. Bd4+ Kg8 31. Bf6 a6 32. h4 Rc8 33. Rxc8+ Bxc8
34. hxg5 hxg5 35. Bd8 Nc6 36. Bxb6 Kg7 37. a4 Kf6 38. Kf1 Ke6 39. Be3 f6 40.
Ke2 Ne5 41. Nb4 Bb7 42. g3 Nc6 43. Nc2 Kd5 44. Kd3 Bc8 45. Kc3 Be6 46. Bb6 Ke4
47. b4 Bc8 48. b5 axb5 49. axb5 Nb8 50. Bd8 Nd7 51. Ne3 Kf3 52. Nc4 Bb7 1/2-1/2

[Event "BL 8788 Solingen-Heidelberg"]
[Site "?"]
[Date "1988.??.??"]
[Round "?.6"]
[White "Schulte, O."]
[Black "Gscheidlen, W."]
[Result "1-0"]
[WhiteElo "2425"]
[BlackElo "2205"]
[PlyCount "95"]
[EventDate "1988.??.??"]

1. d4 e6 2. c4 Nf6 3. Nf3 b6 4. Nc3 Bb7 5. Qc2 d5 6. cxd5 exd5 7. Bf4 c6 8. e3
Bd6 9. Bg3 Qe7 10. Bd3 Nbd7 11. Bxd6 Qxd6 12. O-O O-O 13. Rac1 g6 14. Qa4 a6
15. Qb3 a5 16. Rfd1 Rfe8 17. Na4 Qb4 18. Qc2 Qd6 19. h3 Rac8 20. Ne5 c5 21.
Nxd7 Nxd7 22. dxc5 Nxc5 23. Nc3 Qe6 24. Be2 Ne4 25. Bg4 f5 26. Bf3 b5 27. Qb3
b4 28. Nxe4 Rxc1 29. Nf6+ Qxf6 30. Rxc1 Kh8 31. Qa4 Qd8 32. Qb5 Re7 33. Rc5 Qd6
34. Qxa5 b3 35. axb3 d4 36. Bxb7 Rxb7 37. Rd5 Qb4 38. Rd8+ Kg7 39. Qe5+ Kh6 40.
Rxd4 Qe1+ 41. Kh2 Qxf2 42. Qf6 Kh5 43. Rf4 Qe1 44. Rxf5+ Kh6 45. Qf8+ Rg7 46.
Rf7 Kg5 47. Rxg7 h5 48. Qf4# 1-0

[Event "BL 8788 Solingen-Heidelberg"]
[Site "?"]
[Date "1988.??.??"]
[Round "?.7"]
[White "Zuse, P."]
[Black "Schneider, B1."]
[Result "0-1"]
[WhiteElo "2295"]
[BlackElo "2335"]
[PlyCount "54"]
[EventDate "1988.??.??"]

1. e4 g6 2. d4 Bg7 3. c4 d6 4. Nc3 e5 5. dxe5 dxe5 6. Qxd8+ Kxd8 7. Bg5+ f6 8.
O-O-O+ Nd7 9. Bh4 c6 10. Nf3 Kc7 11. Nd2 Nh6 12. b4 a5 13. a3 Bf8 14. c5 g5 15.
Bg3 b6 16. Nc4 axb4 17. cxb6+ Nxb6 18. Nxe5 Kb7 19. Nxc6 Kxc6 20. Bb5+ Kb7 21.
axb4 Bxb4 22. Nd5 Nxd5 23. exd5 Ra1+ 24. Kb2 Rxd1 25. Rxd1 Nf5 26. Bc6+ Kb6 27.
Bb8 Bb7 0-1

[Event "BL 8788 Solingen-Heidelberg"]
[Site "?"]
[Date "1988.??.??"]
[Round "?.8"]
[White "Borngaesser, R."]
[Black "Krieger, H."]
[Result "1-0"]
[WhiteElo "2410"]
[BlackElo "2215"]
[PlyCount "71"]
[EventDate "1988.??.??"]

1. c4 e5 2. Nc3 Nc6 3. g3 g6 4. Bg2 Bg7 5. e3 d6 6. Nge2 Nge7 7. d3 O-O 8. Rb1
a5 9. a3 Be6 10. Nd5 Qd7 11. O-O Nd8 12. Nec3 Nc8 13. e4 c6 14. Ne3 f5 15. exf5
gxf5 16. f4 Ne7 17. Ne2 Ng6 18. b3 exf4 19. Nxf4 Nxf4 20. Rxf4 Be5 21. Rf2 Bd4
22. Qd2 Qg7 23. Bb2 Bd7 24. Bxd4 Qxd4 25. Rf4 Qc5 26. d4 Qxa3 27. Nc2 Qa2 28.
Qc1 a4 29. Rb2 axb3 30. Rxa2 Rxa2 31. Nb4 b2 32. Qc2 Ra1+ 33. Rf1 c5 34. dxc5
dxc5 35. Nd3 Rxf1+ 36. Kxf1 1-0

[Event "BL 8788 Koblenz-Solingen"]
[Site "?"]
[Date "1988.??.??"]
[Round "?.3"]
[White "Lau, R."]
[Black "Wolf, V."]
[Result "0-1"]
[WhiteElo "2555"]
[BlackElo "2315"]
[PlyCount "88"]
[EventDate "1988.??.??"]

1. e4 Nf6 2. e5 Nd5 3. d4 d6 4. Nf3 dxe5 5. Nxe5 g6 6. Bc4 Be6 7. Qe2 Bg7 8.
O-O Nd7 9. Nf3 h6 10. Bd3 Bg4 11. h3 Bxf3 12. Qxf3 c6 13. c3 O-O 14. Bc4 N5b6
15. Bb3 a5 16. a4 e5 17. Qg3 c5 18. dxe5 Nxe5 19. Bxh6 Bxh6 20. Qxe5 c4 21. Bc2
Re8 22. Qg3 Re2 23. Na3 Qf6 24. Rae1 Rae8 25. Rxe2 Rxe2 26. Qg4 Rd2 27. Qe4 Bf8
28. Qe3 Qd8 29. Rc1 Bxa3 30. bxa3 Rxc2 31. Rxc2 Qd1+ 32. Kh2 Qxc2 33. Qxb6 Qxc3
34. Qxb7 Qe5+ 35. g3 Qc5 36. Qb8+ Kg7 37. Qf4 c3 38. h4 c2 39. Qc1 Qxf2+ 40.
Kh3 Qf5+ 41. Kh2 Qc5 42. Kh3 Kg8 43. Kh2 Qf2+ 44. Kh3 Qe2 0-1

[Event "BL 8788 Koblenz-Solingen"]
[Site "?"]
[Date "1988.??.??"]
[Round "?.4"]
[White "Doncevic, D."]
[Black "Lobron, E."]
[Result "0-1"]
[WhiteElo "2400"]
[BlackElo "2530"]
[PlyCount "66"]
[EventDate "1988.??.??"]

1. e4 e6 2. d4 d5 3. Nd2 c5 4. exd5 Qxd5 5. Ngf3 cxd4 6. Bc4 Qd6 7. O-O Nf6 8.
Nb3 Nc6 9. Nbxd4 Nxd4 10. Qxd4 Qxd4 11. Nxd4 Bd7 12. Be2 Rc8 13. c4 Bc5 14. Nb3
Bb6 15. a4 a6 16. Rd1 Ke7 17. Bd2 Rhd8 18. Bb4+ Ke8 19. Ba5 Bxa5 20. Nxa5 Rc7
21. Bf3 Ke7 22. c5 Rb8 23. b4 b6 24. Nb3 bxc5 25. Nxc5 Bc8 26. Nd3 Bb7 27. Bxb7
Rbxb7 28. Rdc1 Nd5 29. a5 Kd6 30. g3 Rxc1+ 31. Rxc1 Rc7 32. Rb1 Kc6 33. Nc5 Kb5
0-1

[Event "BL 8788 Koblenz-Solingen"]
[Site "?"]
[Date "1988.??.??"]
[Round "?.5"]
[White "Ostermeyer, P."]
[Black "Bayer, E."]
[Result "1/2-1/2"]
[WhiteElo "2450"]
[BlackElo "2360"]
[PlyCount "24"]
[EventDate "1988.??.??"]

1. e4 c5 2. c3 d5 3. exd5 Qxd5 4. d4 e6 5. Nf3 Nf6 6. Na3 a6 7. Nc4 Nbd7 8. Bg5
cxd4 9. Qxd4 Bc5 10. Qxd5 Nxd5 11. Ne3 Nxe3 12. Bxe3 Bxe3 1/2-1/2

[Event "BL 8788 Koblenz-Solingen"]
[Site "?"]
[Date "1988.??.??"]
[Round "?.6"]
[White "Seul, G."]
[Black "Schulte, O."]
[Result "0-1"]
[WhiteElo "2275"]
[BlackElo "2425"]
[PlyCount "86"]
[EventDate "1988.??.??"]

1. d4 Nf6 2. Nf3 c5 3. g3 d5 4. Bg2 Nc6 5. O-O Bg4 6. Ne5 Bh5 7. Nxc6 bxc6 8.
c4 e6 9. Nc3 Be7 10. dxc5 Bxc5 11. cxd5 cxd5 12. Qa4+ Qd7 13. Qh4 h6 14. e4 g5
15. Bxg5 hxg5 16. Qxg5 Be7 17. exd5 Nxd5 18. Qd2 Rd8 19. Nxd5 exd5 20. Qd4 Rh6
21. Qg7 Qe6 22. Qd4 Qb6 23. Qf4 Be2 24. Rfe1 Rf6 25. Qa4+ Bb5 26. Qc2 Kf8 27.
Rac1 d4 28. Qe4 Re8 29. Qh4 Rg6 30. Qh8+ Rg8 31. Qh5 Bg5 32. Bd5 Qf6 33. Rxe8+
Bxe8 34. Rd1 Qe5 35. Qf3 Rg6 36. Be4 Re6 37. Bd5 Rd6 38. Be4 Bb5 39. h4 Bh6 40.
b3 Rf6 41. Qg4 Re6 42. Bf5 Be2 43. Qxd4 Bxd1 0-1

[Event "BL 8788 Koblenz-Solingen"]
[Site "?"]
[Date "1988.??.??"]
[Round "?.7"]
[White "Brunner, L."]
[Black "Schlick, V."]
[Result "1/2-1/2"]
[WhiteElo "2440"]
[BlackElo "2290"]
[PlyCount "102"]
[EventDate "1988.??.??"]

1. e4 c5 2. Nf3 Nc6 3. d4 cxd4 4. Nxd4 g6 5. c4 Bg7 6. Be3 Nf6 7. Nc3 Ng4 8.
Qxg4 Nxd4 9. Qd1 Ne6 10. Rc1 b6 11. Be2 Bb7 12. f3 O-O 13. O-O f5 14. exf5 Rxf5
15. Qd2 Re5 16. Rcd1 g5 17. Bd3 Rc8 18. Be4 Bxe4 19. Nxe4 Rxc4 20. Qxd7 Qxd7
21. Rxd7 Rc7 22. Rxc7 Nxc7 23. Bxg5 Ra5 24. Bxe7 Bd4+ 25. Kh1 Rxa2 26. b3 Rb2
27. Bg5 Rxb3 28. Rc1 Ne6 29. Bh6 Nc5 30. Nd6 Be5 31. Nc4 Nd3 32. Rf1 Nf2+ 33.
Kg1 Bd4 34. Nd2 Ne4+ 35. Kh1 Nxd2 36. Bxd2 a5 37. Rc1 a4 38. Rc8+ Kf7 39. h4
Rb2 40. Bc1 Rb1 41. Kh2 Be5+ 42. Kh3 Rxc1 43. Rxc1 a3 44. f4 Bb2 45. Rc7+ Ke8
46. Ra7 b5 47. Kg4 b4 48. Kf5 b3 49. Ke6 Kd8 50. Kd6 Ke8 51. Ke6 Kf8 1/2-1/2